| 000 | 00461cam a2200193 4500 | ||
|---|---|---|---|
| 001 | D4090 | ||
| 008 | 090401t1984 xxu||||| |||| 00| 0 eng d | ||
| 035 | _a(Sirsi) u76496 | ||
| 041 | _aeng | ||
| 050 | _a333.770971 | ||
| 100 | _aGoldberg, Michael | ||
| 245 | _aUrban land economics | ||
| 260 |
_aNew York _bJohn Wiley & Sons _c1984 |
||
| 300 | _axxii. 566p. ill. 24cm | ||
| 350 | _a34.45 | ||
| 700 | _aChinloy, Peter | ||
| 942 | _n0 | ||
| 948 | _c04/03/1997 | ||
| 999 |
_c96189 _d96189 |
||